000 00490nam a2200169Ia 4500
008 240729s9999 xx 000 0 und d
022 _a1939-795X
245 0 _aInternational Journal of Exercise Science
260 _aUnited States
260 _bBerkeley Electronic Press
650 _a Recreation. Leisure
650 _a Sports
650 _aGeography. Anthropology. Recreation
856 _uhttps://doaj.org/toc/d439b6544dc54ab9b1d629325c8b44b4
942 _2ddc
942 _cDOAJEJ
999 _c66065
_d66065
945 _a1
_bMadushi Gamage
_c1
_dMadushi Gamage